00614nam a2200133 a 4500008004100000050002700041110004700068245017700115260007000292300002000362350000900382650003300391710005600424090708s1987 ||||||||||||||||| || u aGOV.ZAM(058)INDP/1987A aGovernment of the Republic of Zambia (GRZ)10aNew economic recovery programme: interim national development plan July, 1987 - December, 1988cBy the Office of the President. National Commission for Development Planning aLusakabNational Commission for Development Planning (NCDP)c1987 aiii, 69p.: ill. a0.00 0aECONOMIC DEVELOPMENT--ZAMBIA aNational Commission for Development Planning (NCDP)